000 00424nam a22001697a 4500
003 OSt
005 20171109104831.0
008 171109b xxu||||| |||| 00| 0 ara d
040 _aLB-BrCRDP
082 _a181.07 I658f
100 _aابن عربي
245 _aالفتوحات المكية
260 _aبيروت
_bدار صادر
300 _aص780
_cسم29
490 _vالمجلد الاول
942 _2ddc
_cBK
999 _c17954
_d17954